| 000 | 01179nam1a22003011 4500 | ||
|---|---|---|---|
| 001 | rc\2997786 | ||
| 005 | 20250831000522.0 | ||
| 035 | _a(NLR Aleph) 007141384 | ||
| 090 |
_a88855 _c88855 |
||
| 100 | _a20110918d1945 u y0rusy50 ca | ||
| 101 | 0 | _arus | |
| 102 | _aRU | ||
| 105 | _ay z ||||| | ||
| 135 | _acrgn 008aaada | ||
| 200 | 1 |
_aПолное собрание сочинений И.А. Крылова _eТ. 1- _fПод ред. Демьяна Бедного |
|
| 210 |
_aМосква _cГос. изд-во худож. лит. _d1945 _gОбразцовая тип. |
||
| 215 | _d20 см | ||
| 300 | _aНа 2-м тит. л. загл.: Сочинения | ||
| 700 | 1 |
_aКрылов _bИ. А. _cбаснописец _f1769-1844 _gИван Андреевич _3RU\NLR\AUTH\772707 _4070 |
|
| 702 | 1 |
_aБедный _bД. _gДемьян _4340 |
|
| 801 | 0 |
_aRU _bNLR _gpsbo |
|
| 801 | 1 |
_aRU _bELAR _2rusmarc |
|
| 852 |
_aNLR _jЛ30 Г-3/255 |
||
| 942 | _cBOOK | ||
| 945 |
_aРоссийская национальная библиотека _aЦентральная городская библиотека Нижнего Новгорода |
||
| 980 | _aBV | ||
| 980 | _aNB | ||